000 00535nam a2200205Ia 4500
003 OSt
005 20230626151040.0
008 210423s9999 xx 000 0 und d
040 _cAL
041 _aeng
082 _a362.7
_223
_bMONL
100 _aMONTEIRO (Meena);SHEKHAR (Rameela)
_990206
245 _aLearning to grow
260 _aMangalore
_bSchool of Social Work
_c2019
300 _a92
_bPB
365 _b100
_cINR
650 _aSocial Welfare Problems & Services
_990207
906 _agrow ; Learning
942 _2ddc
_cBK
999 _c170086
_d170086